000
00229 a2200097 4500
001
51491
100
_a
Zuberi M H
245
_a
ABRAHAM: His Life & Time v 44: 1st
260
_a
Karachi
_b
Royal Book Co.
_c
090
_c
32615
_d
32615
942
_a
NUST-CAE
_c
M
_c
25131
999
_c
286564
_d
286564